LEADER 02151nam2-2200385---450- 001 990003545420203316 005 20110629134750.0 010 $a978-92-9207-931-4 035 $a000354542 035 $aUSA01000354542 035 $a(ALEPH)000354542USA01 035 $a000354542 100 $a20110629d2010----km-y0itay0103----ba 101 $aita 102 $aLU 105 $a||||||||001yy 200 1 $a<> gestione del sistema dei controlli veterinari sulle importazioni di carne da parte della Commissione dopo le riforme del 2004 della normativa in materia di igiene$fCorte dei conti europea 210 $aLussemburgo$cUfficio delle pubblicazioni dell'Unione europea$d2010 215 $a61 p.$cill.$d30 cm 225 2 $aRelazione speciale$v14 330 $aSulla scia delle gravi crisi sanitarie degli anni novanta, e sulla base del Libro bianco sulla sicurezza alimentare, nel 2004 è stato deciso un nuovo quadro normativo, noto come «pacchetto igiene». L?audit condotto dalla Corte ha preso in esame la gestione, da parte della Commissione, del sistema dei controlli veterinari sulle importazioni di carne e di prodotti a base di carne, concludendo che l?attuazione del «pacchetto igiene» deve essere ancora completata e che vi sono margini di miglioramento per i sistemi informativi disponibili ai posti di ispezione frontalieri e per i controlli da essi svolti. [Abstract tratto dalla pubblicazione] 410 0$1001000351941$aRelazione speciale 606 0 $aCarne$xImportazione$xControllo sanitario$yPaesi dell'Unione europea$2BNCF 676 $a344.404232 699 $a15.03$bSicurezza alimentare 710 02$aCORTE DEI CONTI EUROPEA$0541549 801 0$aIT$bsalbc$gISBD 856 4 $uhttp://eca.europa.eu$4.$zAccesso libero online 912 $a990003545420203316 951 $aCDE 15.03 (V)$bCDE 2736$cCDE 15.03$d00151239 959 $aBK 969 $aCDE 979 $aMARIAS$b90$c20110629$lUSA01$h1347 996 $aGestione del sistema dei controlli veterinari sulle importazioni di carne da parte della Commissione dopo le riforme del 2004 della normativa in materia di igiene$91116613 997 $aUNISA LEADER 01631nam0 22003733i 450 001 CFI0088965 005 20251003044120.0 100 $a20160929d1984 ||||0itac50 ba 101 | $aita 102 $ait 181 1$6z01$ai $bxxxe 182 1$6z01$an 183 1$6z01$anc$2RDAcarrier 200 1 $aˆLa ‰riforma del salario$f[relazioni di] G. Benvenuto ... [et al.] 210 $aMilano$cFranco Angeli$d©1984 215 $a150 p.$d22 cm 225 | $aLavoro italiano. -$i Temi d'oggi$v2 300 $aSegue: Documenti 300 $aSi tratta degli atti del Convegno tenuto nel 1984. 410 0$1001CFI0012907$12001 $aLavoro italiano. -$i*Lavoro italiano. Temi d'oggi$v2 606 $aRetribuzione$2FIR$3CFIC019196$9I 676 $a331.2$9CONDIZIONI DI LAVORO.$v21 676 $a331.21$9ECONOMIA DEL LAVORO. Retribuzioni$v23 676 $a331.2945$9SALARIO, ORARIO, ALTRE CONDIZIONI DI LAVORO. ITALIA$v20 702 1$aBenvenuto$b, Giorgio$3CFIV010356 801 3$aIT$bIT-000000$c20160929 850 $aIT-BN0095 $aIT-NA0581 901 $bNAP FC$cFONDO $n$ 901 $bNAP 01$cPOZZO LIB.$nVi sono collocati fondi di economia, periodici di ingegneria e scienze, periodici di economia e statistica e altri fondi comprendenti documenti di economia pervenuti in dono. 912 $aCFI0088965 950 0$aBiblioteca Centralizzata di Ateneo$c1 v.$d 01POZZO LIB.F. SANTI 690$e 0101 0060034315E VMA 1 v. (Precedente collocazione S 625)$fB $h20221118$i20221118 977 $a 01$a FC 996 $aRiforma del salario$9497630 997 $aUNISANNIO